000 00749cab a2200277 4500
001 ABS52080
008 090401t1995 xxu||||| |||| 00| 0 eng d
035 _a(Sirsi) u59119
041 _aeng
100 _aBrown, E.
245 _aWatch this space
260 _c1995
350 _a0
490 _aManagement Today
_vFebruary 1995, 73-74(2)
520 _aExamines the fall in demand for offices due to more flexible working practices, in particular, hot-desking.
650 _aFLEXIBLE WORKING
650 _aFUTURE
650 _aHOT DESKING
650 _aOFFICE SPACE
650 _aOFFICES
650 _aSUPPLY AND DEMAND
650 _aTELEWORKING
690 _aPROPERTY-COMMERCIAL PROPERTY
942 _n0
948 _c04/03/1997
999 _c36222
_d36222